• 首页
  • 本馆介绍
  • 公告通知
  • 最新文献
  • 馆藏检索
  • 电子资源
  • 读者导购
  • 参考咨询
  • 我的图书馆
  • 登录
  • 详细信息显示
  • 放入我的书架
  • 预约/预借图书
  • 作者相关作品
  • 分类相关作品
  • 丛书相关作品
  • 出版社相关作品

书目信息

  • 表格格式
  • 工作单格式
  • 卡片格式
题名:
上海说唱集
    
 
作者: ;上海文艺出版社 编辑
分册:  
出版信息: 上海   编者  1978
页数: 184页
开本: 19cm
丛书名: 曲艺创作丛书
单 册:
中图分类: I239.07
科图分类:
主题词: 说唱文学--上海--现代--选集
电子资源:
ISBN:
000 00668nam2 2200241 45
001 0178002650
005 20060911174557.04
010    @dCNY0.39
091    @aCN@b8078.3025
100    @a19950719d1978 em y0chiy0121 ea
101 0  @achi
102    @aCN@b310000
105    @ay z 000zy
200 10 @a上海说唱集@Ashang hai shuo chang ji@f上海文艺出版社编辑
210    @a上海@c编者@d1978
215    @a184页@d19cm
225 2  @a曲艺创作丛书
410  0 @120010@a曲艺创作丛书
606    @a说唱文学@y上海@z现代@x选集
690    @aI239.07@v3
711 02 @a上海文艺出版社@Ashang hai wen yi chu ban she@4编辑
801  0 @aCN@bTSSF@c20060911
905    @a10447@dI239.07@e84
    
    上海说唱集/上海文艺出版社编辑.-上海:编者,1978
    184页;19cm.-(曲艺创作丛书)
    
    
    ISBN :CNY0.39
    
●
相关链接 在E读中查询图书 在五车中查询图书 在当当中查询图书 在豆瓣中查询图书


正题名:上海说唱集     索取号:I239.07/84         预约/预借

序号 登录号 条形码 馆藏地/架位号 状态 备注
1 0443583   204435833   密集书库/ [索取号:I239.07/84] 在馆    
2 0475251   204752516   密集书库/ [索取号:I239.07/84] 在馆    
唐山师范学院图书馆 欢迎您!
大连网信软件有限公司© 版权所有